Cẩm nang nuôi dạy chó
Sách cung cấp các thông tin bổ ích về chăn nuôi chó như cách chọn chó, chăm sóc và cho ăn, cách huấn luyện chó
Kaydedildi:
| Müşterek Yazar: | |
|---|---|
| Materyal Türü: | Kitap |
| Dil: | Undetermined |
| Baskı/Yayın Bilgisi: |
Thành phố Hồ Chí Minh
Royal Canin Việt Nam
2004
|
| Konular: | |
| Etiketler: |
Etiketle
Etiket eklenmemiş, İlk siz ekleyin!
|
| Thư viện lưu trữ: | Trung tâm Học liệu Trường Đại học Cần Thơ |
|---|
| LEADER | 00748nam a2200205Ia 4500 | ||
|---|---|---|---|
| 001 | CTU_134736 | ||
| 008 | 210402s9999 xx 000 0 und d | ||
| 082 | |a 636.7 | ||
| 082 | |b R888 | ||
| 110 | |a Royal Canin | ||
| 245 | 0 | |a Cẩm nang nuôi dạy chó | |
| 245 | 0 | |c Royal Canin | |
| 260 | |a Thành phố Hồ Chí Minh | ||
| 260 | |b Royal Canin Việt Nam | ||
| 260 | |c 2004 | ||
| 520 | |a Sách cung cấp các thông tin bổ ích về chăn nuôi chó như cách chọn chó, chăm sóc và cho ăn, cách huấn luyện chó | ||
| 650 | |a Dog breeds,Dogs,Nuôi chó,Chó | ||
| 650 | |x Training,Huấn luyện | ||
| 904 | |i Huỳnh Mai | ||
| 980 | |a Trung tâm Học liệu Trường Đại học Cần Thơ | ||